000 00766nam a2200253Ia 4500
003 OSt
005 20221005110903.0
006 a|||||r|||| 00| 0
007 ta
008 221004b |||||||| |||| 00| 0 hin d
024 _a109998
037 _cTextual
040 _aCRL
_cCRL
_bhin
041 _2hin
_ahin
082 _aO152,3N1511x, L8
100 _aसाहनी, भीष्म
245 0 _aवाङ्चू
246 _aVānchū
260 _aनई दिल्ली
_bराजकमल प्रकाशन भारत
_c1978
300 _a171पृ0
_ccm.
650 _aहिन्दी कहानी
942 _hO152,3N1511x, L8
_cTEXL
_2cc
999 _c1020188
_d1020188